Catálogo

Vista normal Vista MARC

Entrada Corporate Name

Número de registros utilizados en: 1

001 - CONTROL NUMBER

  • control field: 16813

003 - CONTROL NUMBER IDENTIFIER

  • control field: DLC

005 - DATE AND TIME OF LATEST TRANSACTION

  • control field: 20250226162947.0

008 - FIXED-LENGTH DATA ELEMENTS

  • fixed length control field: 821015n| azannaabn |a ana c

010 ## - LIBRARY OF CONGRESS CONTROL NUMBER

  • LC control number: n 82140463

035 ## - SYSTEM CONTROL NUMBER

  • System control number: (OCoLC)oca00836594

040 ## - CATALOGING SOURCE

  • Original cataloging agency: MH
  • Language of cataloging: spa
  • Description conventions: rda
  • Transcribing agency: Mx-PuUPA
  • Modifying agency: DLC
  • Modifying agency: AzTeS
  • Modifying agency: NcD
  • Modifying agency: ICU
  • Modifying agency: Mx-PuUPA

110 2# - HEADING--CORPORATE NAME

  • Corporate name or jurisdiction name as entry element: Deutsches Architekturmuseum,

374 ## - OCCUPATION

  • Occupation: Editor

377 ## - ASSOCIATED LANGUAGE

  • Language code: eng

410 2# - SEE FROM TRACING--CORPORATE NAME

  • Corporate name or jurisdiction name as entry element: DAM

410 2# - SEE FROM TRACING--CORPORATE NAME

  • Corporate name or jurisdiction name as entry element: D.A.M.

410 2# - SEE FROM TRACING--CORPORATE NAME

  • Corporate name or jurisdiction name as entry element: Musée allemand d'architecture

410 2# - SEE FROM TRACING--CORPORATE NAME

  • Corporate name or jurisdiction name as entry element: German Architecture Museum

410 2# - SEE FROM TRACING--CORPORATE NAME

  • Corporate name or jurisdiction name as entry element: Deutsches Architektur Museum

410 2# - SEE FROM TRACING--CORPORATE NAME

  • Corporate name or jurisdiction name as entry element: Deutsches Architektur-Museum zur Architekturgeschichte und Architekturtheorie

410 2# - SEE FROM TRACING--CORPORATE NAME

  • Corporate name or jurisdiction name as entry element: Frankfurt Architecture Museum

410 2# - SEE FROM TRACING--CORPORATE NAME

  • Corporate name or jurisdiction name as entry element: Architecture Museum (Frankfurt am Main, Germany)

410 2# - SEE FROM TRACING--CORPORATE NAME

  • Corporate name or jurisdiction name as entry element: German Museum of Architecture

670 ## - SOURCE DATA FOUND

  • Source citation: Jahrbuch für Architektur, 1980 (a.e.)
  • Information found: t.p. (Deutsches Architekturmuseum, Frankfurt am Main)

670 ## - SOURCE DATA FOUND

  • Source citation: Schriften zur Architekturgeschichte und Architekturtheorie. Wilhelm, K. Walter Gropius, Industriearchitekt, c1983: ser. t.p. (Deutsches Architekturmuseum; DAM)

670 ## - SOURCE DATA FOUND

  • Source citation: Nouveaux plaisirs d'architecture, c1985:
  • Information found: t.p. (Deutsches Architekturmuseum de Francfort) p. 12 (Musée allemand d'architecture; 43 Schaumainkai, 6000 Frankfurt, GFR)

670 ## - SOURCE DATA FOUND

  • Source citation: Klotz, H. 20th century architecture, 1989:
  • Information found: t.p. (Deutschen Architekturmuseums, Frankfurt am Main) p. 8 (German Architecture Museum; came into existence in 1979)

670 ## - SOURCE DATA FOUND

  • Source citation: Paper architecture, 1990:
  • Information found: prelim. leaf (Deutsches Architektur Museum) p. 9 (Deutsches Architekturmuseum)

670 ## - SOURCE DATA FOUND

  • Source citation: Schriften des Deutschen Architektur-Museums zur Architekturgeschichte und Architekturtheorie. Baumeister im Profil, c1991:
  • Information found: ser. t.p. (... Deutschen Architektur-Museums zur Architekturgeschichte und Architekturtheorie, DAM, Deutsches Architektur-Museum Frankfurt am Main)

670 ## - SOURCE DATA FOUND

  • Source citation: Revision of the modern, 1986:
  • Information found: t.p. (Frankfurt Architecture Museum; Architecture Museum, Frankfurt)

670 ## - SOURCE DATA FOUND

  • Source citation: Embassies, c2000:
  • Information found: t.p. (German Museum of Architecture, Frankfurt/Main)